| 000 | 00806nam a2200289Ia 4500 | ||
|---|---|---|---|
| 003 | OSt | ||
| 005 | 20220918164920.0 | ||
| 006 | a|||||r|||| 00| 0 | ||
| 007 | ta | ||
| 008 | 220917b |||||||| |||| 00| 0 eng d | ||
| 020 | _a0813321824 (pbk) | ||
| 024 | _a158,129 | ||
| 037 | _cTextual | ||
| 040 |
_aARTS _cARTS _beng |
||
| 041 |
_2eng _aeng |
||
| 082 | _aU47.1, N6 (SC) | ||
| 100 |
_aPorter Gareth _921643 |
||
| 245 | 0 | _aGlobal environmental politics | |
| 250 | _a2nd | ||
| 260 |
_aUnited _bKingdom Westview Press _c1996 |
||
| 300 |
_axv, 238p. _ccm. |
||
| 490 | _aDilemmas in world politics | ||
| 650 |
_aHUMAN GEOGRAPHY _91464 |
||
| 700 |
_a Brown Janet Welsh _921644 |
||
| 942 |
_hU47.1, N6 (SC) _cTEXL _2CC |
||
| 999 |
_c127373 _d127373 |
||